Electoral problems in Pakistan / (Record no. 17514)

MARC details
000 -LEADER
fixed length control field 01078cam a22003131 4500
001 - CONTROL NUMBER
control field 6138021
003 - CONTROL NUMBER IDENTIFIER
control field BDDh-ASL
005 - DATE AND TIME OF LATEST TRANSACTION
control field 20231015025545.0
008 - FIXED-LENGTH DATA ELEMENTS--GENERAL INFORMATION
fixed length control field 161212s1966 pk a b 001 0 eng
010 ## - LIBRARY OF CONGRESS CONTROL NUMBER
LC control number sa 67004098
025 ## - OVERSEAS ACQUISITION NUMBER
Overseas acquisition number PL480:EP-E-346
035 ## - SYSTEM CONTROL NUMBER
System control number (OCoLC)985792
040 ## - CATALOGING SOURCE
Original cataloging agency DLC
Transcribing agency BDDh-ASL
Modifying agency BDDh-ASL
-- BDDh-ASL
042 ## - AUTHENTICATION CODE
Authentication code premarc
050 00 - LIBRARY OF CONGRESS CALL NUMBER
Classification number JF1063.P3
Item number H8
082 ## - DEWEY DECIMAL CLASSIFICATION NUMBER
Classification number 324.547
Item number HUE
100 1# - MAIN ENTRY--PERSONAL NAME
Personal name Huq, M. Mahfuzul.
9 (RLIN) 92
245 10 - TITLE STATEMENT
Title Electoral problems in Pakistan /
Statement of responsibility, etc. by M. Mahfuzul Huq.
260 ## - PUBLICATION, DISTRIBUTION, ETC.
Place of publication, distribution, etc. Dacca:
Name of publisher, distributor, etc. Asiatic Society of Pakistan,
Date of publication, distribution, etc. 1966.
300 ## - PHYSICAL DESCRIPTION
Extent xi, 222 p. :
Dimensions 25 cm.
410 20 - SERIES STATEMENT/ADDED ENTRY--CORPORATE NAME [OBSOLETE, CAN/MARC], [LOCAL, USA]
Corporate name or jurisdiction name as entry element Asiatic Society of Pakistan.
Title of a work Publication
440 ## - SERIES STATEMENT/ADDED ENTRY--TITLE
Title Asiatic Society of Pakistan publication;
9 (RLIN) 220
Volume/sequential designation no. 21
500 ## - GENERAL NOTE
General note Including index. "Originally written in 1964 at Columbia University as a thesis for doctoral degree."
504 ## - BIBLIOGRAPHY, ETC. NOTE
Bibliography, etc. note Bibliography: p. 206-213.
650 #0 - SUBJECT ADDED ENTRY--TOPICAL TERM
Topical term or geographic name entry element Minorities
Geographic subdivision Pakistan.
9 (RLIN) 93
650 #0 - SUBJECT ADDED ENTRY--TOPICAL TERM
Topical term or geographic name entry element Proportional representation
Geographic subdivision Pakistan.
9 (RLIN) 94
906 ## - LOCAL DATA ELEMENT F, LDF (RLIN)
a 7
b cbc
c oclcrpl
d u
e ncip
f 19
g y-gencatlg
942 ## - ADDED ENTRY ELEMENTS (KOHA)
Source of classification or shelving scheme Dewey Decimal Classification
Koha item type Books
Holdings
Withdrawn status Lost status Source of classification or shelving scheme Damaged status Not for loan Collection code Home library Current library Shelving location Date acquired Source of acquisition Serial Enumeration / chronology Total Checkouts Full call number Barcode Date last seen Copy number Price effective from Koha item type Public note
    Dewey Decimal Classification   Not For Loan Non-fiction Asiatic Society Library Asiatic Society Library General Stacks 12/12/2016 ASB Publications ASP-021   324.547 HUE 100106 12/12/2016 C-1 12/12/2016 Books RARE
    Dewey Decimal Classification   Not For Loan Non-fiction Asiatic Society Library Asiatic Society Library General Stacks 12/12/2016 ASB Publications ASP-021   324.547 HUE 100107 12/12/2016 C-2 12/12/2016 Books RARE
    Dewey Decimal Classification   Not For Loan Non-fiction Asiatic Society Library Asiatic Society Library General Stacks 12/12/2016 ASB Publications ASP-021   324.547 HUE 100108 12/12/2016 C-3 12/12/2016 Books RARE
    Dewey Decimal Classification   Not For Loan Non-fiction Asiatic Society Library Asiatic Society Library General Stacks 12/12/2016 ASB Publications ASP-021   324.547 HUE 100109 12/12/2016 C-4 12/12/2016 Books RARE
    Dewey Decimal Classification   Not For Loan Non-fiction Asiatic Society Library Asiatic Society Library General Stacks 12/12/2016 ASB Publications ASP-021   324.547 HUE 100110 12/12/2016 C-5 12/12/2016 Books RARE
    Dewey Decimal Classification     Non-fiction Asiatic Society Library Asiatic Society Library General Stacks 01/24/2021 ASB Publications ASP-021   324.547 HUE 104833 01/24/2021 C-6 01/24/2021 Books RARE
    Dewey Decimal Classification     Non-fiction Asiatic Society Library Asiatic Society Library General Stacks 01/24/2021 ASB Publications ASP-021   324.547 HUE 104834 01/24/2021 C-7 01/24/2021 Books RARE
    Dewey Decimal Classification     Non-fiction Asiatic Society Library Asiatic Society Library General Stacks 01/24/2021 ASB Publications ASP-021   324.547 HUE 104835 01/24/2021 C-8 01/24/2021 Books RARE
    Dewey Decimal Classification     Non-fiction Asiatic Society Library Asiatic Society Library General Stacks 01/24/2021 ASB Publications ASP-021   324.547 HUE 104836 01/24/2021 C-9 01/24/2021 Books RARE
    Dewey Decimal Classification     Non-fiction Asiatic Society Library Asiatic Society Library General Stacks 01/24/2021 ASB Publications ASP-021   324.547 HUE 104837 01/24/2021 C-10 01/24/2021 Books RARE
    Dewey Decimal Classification     Non-fiction Asiatic Society Library Asiatic Society Library General Stacks 04/16/2022 ASB Publications ASP-021   324.547 HUE 116481 04/16/2022 C-11 04/16/2022 Books RARE

Powered by Koha